[Event "Davos Amateur op"]
[Site "Davos"]
[Date "2024.08.04"]
[Round "5"]
[White "Marty, Fridolin"]
[Black "Doenitz, Julian"]
[Result "1-0"]
[WhiteElo "1941"]
[BlackElo "1785"]
[PlyCount "35"]
[EventDate "2024.08.02"]
[EventType "swiss"]
[EventRounds "5"]
[EventCountry "SUI"]
[SourceTitle "CBM 221 Extra"]
[Source "ChessBase"]
[SourceDate "2024.09.30"]
[SourceVersion "1"]
[SourceVersionDate "2024.09.30"]
[SourceQuality "1"]

1. e4 d6 2. d4 Nf6 3. Nc3 e5 4. Nf3 Nbd7 5. Bc4 Be7 6. Ng5 0-0 7. Bxf7+ Rxf7 8. Ne6 Qe8 9. Nxc7 Qd8 10. Nxa8 b5 11. f3 b4 12. Nb5 Bb7 13. Nac7 a6 14. Ne6 Qa5 15. Nbc7 Bxe4 16. fxe4 Nxe4 17. Qe2 Bh4+ 18. g3 1-0

[Event "Krefeld op"]
[Site "Krefeld"]
[Date "2023.08.06"]
[Round "8"]
[White "Doenitz, Julian"]
[Black "Hepting, Frank"]
[Result "1-0"]
[WhiteElo "1460"]
[BlackElo "1635"]
[PlyCount "71"]
[EventDate "2023.08.02"]
[EventType "swiss"]
[EventRounds "9"]
[EventCountry "GER"]
[SourceTitle "CBM 215 Extra"]
[Source "ChessBase"]
[SourceDate "2023.09.30"]
[SourceVersion "1"]
[SourceVersionDate "2023.09.30"]
[SourceQuality "1"]

1. c4 Nf6 2. g3 e5 3. Bg2 c6 4. d4 e4 5. Nc3 d5 6. cxd5 cxd5 7. Bg5 Bb4 8. Qb3 Nc6 9. e3 Be6 10. Nge2 0-0 11. 0-0 Bxc3 12. Nxc3 Na5 13. Qb5 a6 14. Bxf6 gxf6 15. Qe2 Qd7 16. Qh5 Nc4 17. Qh6 Nxb2 18. Bxe4 f5 19. Bg2 f6 20. Ne2 Nc4 21. Nf4 Nd2 22. Rfc1 Ne4 23. Bh3 Ng5 24. Bg2 Ne4 25. Rc2 Rac8 26. Rac1 Rxc2 27. Rxc2 Bf7 28. Bxe4 dxe4 29. Qxf6 Qa4 30. Qg5+ Kh8 31. Qf6+ Kg8 32. Ne6 Bxe6 33. Qxe6+ Kh8 34. Qe5+ Kg8 35. Rc1 a5 36. Kg2 1-0

[Event "Krefeld op"]
[Site "Krefeld"]
[Date "2023.08.05"]
[Round "6"]
[White "Doenitz, Julian"]
[Black "De Vries, Leon"]
[Result "0-1"]
[WhiteElo "1460"]
[BlackElo "1926"]
[PlyCount "65"]
[EventDate "2023.08.02"]
[EventType "swiss"]
[EventRounds "9"]
[EventCountry "GER"]
[SourceTitle "CBM 215 Extra"]
[Source "ChessBase"]
[SourceDate "2023.09.30"]
[SourceVersion "1"]
[SourceVersionDate "2023.09.30"]
[SourceQuality "1"]

1. c4 e5 2. g3 Nf6 3. Bg2 Bc5 4. Nc3 a6 5. a3 d6 6. e3 Nc6 7. b4 Ba7 8. Nge2 0-0 9. 0-0 Rb8 10. Qa4 Ne7 11. d4 exd4 12. exd4 h6 13. h3 d5 14. c5 c6 15. Bf4 Ra8 16. Qb3 Bf5 17. a4 Ng6 18. Bd6 Re8 19. Rfd1 Qd7 20. Kh2 Bb8 21. Bxb8 Raxb8 22. b5 h5 23. Qb2 h4 24. b6 hxg3+ 25. fxg3 Re3 26. Qd2 Rbe8 27. Re1 Qe7 28. Rf1 Bd3 29. Rf3 Bxe2 30. Rxe3 Qxe3 31. Qxe3 Rxe3 32. Re1 Rxc3 33. Rxe2 0-1